000 00830cam a22002174a 4500
005 20250605164251.0
008 250528s ||||||||||||||||||||||||d
035 _a21746
020 _a9780070054899
040 _aGR-AtMCL
_bgre
_dGR-AtMCL
_eAACR2
245 1 _aSCHAUM'S OUTLINES OF THEORY AND PROBLEMS OF GRAPH THEORY
250 _a1
260 _bMcgraw Hill,
_c1997
300 _a293
505 0 _aGRAPHS AND DIGRAPHS CONNECTIVITY EULERIAN AND HAMILTONIAN GRAPHS OPTIMIZATION INVOLVING TREES SHORTEST PATH PROBLEMS FLOWS, CONNECTIVITY AND COMBINATORICS
520 _aGRAPHS AND DIGRAPHS CONNECTIVITY EULERIAN AND HAMILTONIAN GRAPHS OPTIMIZATION INVOLVING TREES SHORTEST PATH PROBLEMS FLOWS, CONNECTIVITY AND COMBINATORICS
700 1 _aBalakrishnan V.K.
_97674
942 _cBK
999 _c6805
_d6805